Identify the writing system - Statistics

General Stats
  • This quiz has been taken 441 times
  • The average score is 11 of 13
Answer Stats
Sample characters Writing system % Correct
football Latin
99%
足球 Chinese
95%
フットボール Japanese
95%
كرة القدم Arabic
93%
건축물 Korean
93%
Ποδόσφαιρο Greek
90%
Футбол Cyrillic
89%
כדורגל Hebrew
84%
ฟุตบอล Thai
84%
फ़ुटबॉल Devanagari
82%
ფეხბურთი Georgian
71%
Ֆուտբոլ Armenian
64%
እግር ኳስ Amharic
62%
No matching quizzes found
Score Distribution
Percent of People with Each Score
Percentile by Number Answered
Your Score History
You have not taken this quiz